000 00365pam a2200157a 44500
008 230515b2002 xxu||||| |||| 00| 0 eng d
020 _aNULL
041 _aENGL
082 _a330 DES
100 _a"DESAI S.M.,"
245 _aBHARATIY ARTHAVAYASTHA (MARATHI)
250 _a4
260 _aPUNE
_bNIRALI PRAKASHAN
_c2002
300 _aNULL
650 _aECONOMICS
999 _c536076
_d536076